| 000 | 02554aam a2200385 i 4500 | ||
|---|---|---|---|
| 001 | 768714001 | ||
| 003 | CO-MdFUSB | ||
| 005 | 20220610142316.0 | ||
| 007 | ta | ||
| 007 | cr aa aaaaa | ||
| 008 | 200702t2010 sp ||||| |||| 00| 0 spa d | ||
| 020 |
_a9788482675718 _qimpreso |
||
| 020 |
_a9788482677767 _qelectrónico |
||
| 040 |
_bspa. _aCO-MdFUSB _cCO-MdFUSB _dCO-MdFUSBC _erda |
||
| 041 | _aspa | ||
| 082 | 0 | 4 |
_223 _a230.09 _bG6439h |
| 100 | 1 |
_aGonzález, Justo Luis _eautor |
|
| 245 | 1 | 0 |
_aHistoria del pensamiento cristiano _c/ Justo L. González, Ph.D. _h[físico y electrónico]. |
| 264 | 1 |
_aViladecavalls, Barcelona : _bClie, _c[2010] |
|
| 264 | 4 | _c© 2010 | |
| 300 |
_a968 páginas. _c; 23 cm |
||
| 336 |
_atexto _btxt _2rdacontent |
||
| 336 |
_atexto _btxt _2rdacontent |
||
| 337 |
_2rdamedia _asin mediación _bn |
||
| 337 |
_2rdamedia _ainformático _bc |
||
| 338 |
_2rdacarrier _avolumen _bnc |
||
| 338 |
_2rdacarrier _aremoto _bcr |
||
| 505 | _aLa cuna del cristianismo -- Los Padres apostólicos -- Los apologistas griegos -- Las primeras herejías: reto y respuesta -- Ireno de Lyon -- Tertuliano -- La escuela de Alejandría: Clemente y Orígenes -- La teología occidental en el siglo tercero -- La teología oriental después de Orígenes -- La controversia arriana y el Concilio de Nicea -- La controversia arriana después del Concilio de Nicea -- La teología de Anastasio -- Los tres grandes Capadocios -- La doctrina trinitaria en Occidente -- El pensamiento de San Agustín -- La era de los epígonos -- La teología en Oriente hasta el sexto Concilio Ecuménico -- El Renacimiento Carolingio -- La edad oscura -- El renacimiento del siglo XII -- La teología oriental desde el avance del islam hasta la cuarta cruzada -- Introducción general al Siglo XIII -- el agustinismo del siglo XIII -- Los grandes maestros dominicos -- El aristotelismo extremo -- La teología oriental hasta la caída de Constantinopla -- La teología de Martín Lutero -- Ulrico Zwinglio y los comienzos de la tradición reformada -- El anabaptismo y la reforma radical -- La teología reformada de Juan Calvino -- La teología protestante en el siglo XIX -- La teología del siglo XX | ||
| 516 | _aSolicitar clave y usuario para acceder a libro electrónico | ||
| 563 | _aPasta dura | ||
| 650 | 1 | 4 | _aPENSAMIENTO RELIGIOSO - HISTORIA \ CRISTIANISMO - HISTORIA - PENSAMIENTO |
| 856 |
_b2168353 _dhttp://search.ebscohost.com/login.aspx?direct=true&scope=site&db=nlebk&db=nlabk&AN=2168353 _zLibro multiusuario |
||
| 942 | _cBK | ||
| 945 | _aJTF-925 | ||
| 999 |
_c32320 _d32320 |
||